March Madness Teams 2025 - Statistics

General Stats
  • This quiz has been taken 14 times
  • The average score is 38 of 68
Answer Stats
Answer % Correct
Duke
100%
Florida
100%
Houston
100%
Michigan
100%
Alabama
92%
Auburn
92%
Michigan St.
92%
Tennesse
92%
Texas
92%
BYU
83%
Saint John's
83%
Saint Mary's
83%
Texas A&M
83%
Wisconsin
83%
Clemson
75%
Kentucky
75%
Maryland
75%
Texas Tech
75%
Arizona
67%
Iowa St.
67%
Louisville
67%
Marquette
67%
Mississippi St.
67%
North Carolina
67%
Oregon
67%
UConn
67%
Yale
67%
Creighton
58%
Kansas
58%
McNeese
58%
Memphis
58%
Missouri
58%
Ole Miss
58%
UCLA
58%
Arkansas
50%
Baylor
50%
Colorado St.
50%
Drake
50%
Georgia
50%
Gonzaga
50%
New Mexico
50%
Norfolk St.
50%
Oklahoma
50%
Xavier
50%
Akron
42%
Alabama St.
42%
High Point
42%
Mount St Mary's
42%
Omaha
42%
San Diego St.
42%
Utah St.
42%
VCU
42%
American
33%
Bryant
33%
Grand Canyon
33%
Liberty
33%
Lipscomb
33%
Montana
33%
Robert Morris
33%
SIU Edwardsville
33%
Troy
33%
UC San Diego
33%
UNC Wilmington
25%
Vanderbuilt
8%
Wafford
8%
Illions
0%
Purdure
0%
Saint Francis U
0%
No matching quizzes found
Score Distribution
Percent of People with Each Score
Percentile by Number Answered
Your Score History
You have not taken this quiz